000 01002cad a22001935a 4500
001 L154879
008 120126e20120124xxk 000 0 eng d
035 _a(Sirsi) u154879
041 0 _aeng
245 0 0 _aNational accrediation scheme set to launch for private tenants[electronic resource]
260 _c2012
490 _aLetting Agent Today
_v24 January 2012
520 _aThe UK Tenants Accrediation Scheme (UKTAS) is being launched on 1 March 2012 following a pilot study organised and monitored by the private sector housing team at Southend on Sea Borough Council. The aim of the scheme is to help landlords and agents identify good tenants behound the usual tenancy referencing checks.
590 _aKA
690 _aLandlord and tenant
_96252
690 _aResidential property
_96266
856 4 0 _uhttps://www.lettingagenttoday.co.uk/news_features/National-accreditation-scheme-set-to-launch-for-private-tenants
_zView this item free of charge at www.lettingagenttoday.co.uk
942 _n0
999 _c83732
_d83732